Normal view
MARC view
- المرأة - الأردن - أحوال اجتماعية
Entry Topical Term
001 - CONTROL NUMBER
- control field: 32916
003 - CONTROL NUMBER IDENTIFIER
- control field: JO-AjAnu
005 - DATE AND TIME OF LATEST TRANSACTION
- control field: 20230606075528.0
008 - FIXED-LENGTH DATA ELEMENTS
- fixed length control field: 230606|| aca||aabn | a|a d
040 ## - CATALOGING SOURCE
- Original cataloging agency: JO-AjAnu
- Transcribing agency: JO-AjAnu
150 ## - HEADING--TOPICAL TERM
- Topical term or geographic name entry element: المرأة - الأردن - أحوال اجتماعية
670 ## - SOURCE DATA FOUND
- Source citation: Work cat.: (JO-AjAnu)16910: اعداد: منى مؤتمن حؤبشة؛ (عمان، الأردن) اللجنة الوطنية الأردنية لشؤون المرأة, author 32915, المرأة الاردنية : انجازات، تحديات، مبادرات مستقبلية 2004-2009